000 01291nam0a2200337 i 4500
001 RU\NLR\BIBL_A\010449034
005 20260608062659.0
010 _a9785446504046
_9300
021 _aRU
_b2014-42464
_92586
035 _a(NILC)RuMoRGB-007505679
035 _a(NLR Aleph) 010449034
090 _a9919507
_c9919507
100 _a20140806d2014 u y0rusy50 ca
101 0 _arus
102 _aRU
105 _aach|z||||00zb
200 1 _aХлебников
_eпоэма
_fАндрей Канавщиков
210 _aМосква
_cБуки Веди
_dпеч. 2014
215 _a104 с.
_cил., цв. ил., портр., факс.
_d18
600 1 _aХлебников
_bВ.В.
_f1885 - 1922
_gВелимир Владимирович
_xв художественной литературе
_92070403
_3RU\NLR\AUTH\661245122
686 2 _aШ5(2=Р)53-4Хлебников
686 2 _aШ6(2=Р)8-51
700 1 _aКанавщиков
_bА. Б.
_f1968-
_gАндрей Борисович
702 1 _4570
_8rus
_7ca
_aХлебников
_bВ.
_f1885-1922
_gВелимир
_3RU\NLR\AUTH\779596
_9119416
801 0 _aRU
_bРГБ
_c20140611
_gRCR
942 _cBOOK
980 _aNBR